[Event "Clutch Chess International"]
[Site "Online"]
[Date "2020.06.08"]
[Round "1.10"]
[White "Carlsen, Magnus"]
[Black "Xiong, Jeffery"]
[Result "1-0"]
[WhiteElo "2881"]
[BlackElo "2730"]
[EventDate "2020.??.??"]
[Annotator "Bojkov,Dejan"]
[PlyCount "49"]
[Beauty "8250095304742"]
[EventType "team-tourn"]

1.d4 Nf6 2.Nc3 d5 3.Bf4 e6 4.e3 Bb4 5.Ne2 ( {Carlsen, no doubt, was aware of the following game:} 5.Bd3 c5 6.dxc5 Nbd7 7.Nf3 Nxc5 8.O-O Bxc3 9.bxc3 O-O 10.Be2 b6 11.c4 Bb7 12.Qd4 Qe7 13.cxd5 Nxd5 14.Bg3 Rfd8 {and Black was even more pleasant in Naroditsky,D (2616) -Xiong,J (2672) chess.com INT 2019} ) 5...O-O 6.a3 Be7 7.Ng1 $146 {An original novelty. The knight on e2 is no longer needed to protect his queenside twin and can move to a more active position. In the process, the white bishop can land on the active b1-h7 diagonal. Still, a couple of tempos early in the game are a serious price White needs to pay for this maneuver.} ( {Black experienced no problems in an earlier game:} 7.Qd2 c5 8.dxc5 Bxc5 9.Nd4 Nc6 10.Nxc6 bxc6 11.Bd3 Qe7 12.Bg5 h6 13.Bh4 e5 14.e4 Be6 {Esipenko,A (2620)-Sarana,A (2636) chess.com INT 2019} ) 7...c5 8.Nf3 Nh5 {The most obvious reaction is to swap off the white bishop.} ( {However, an even stronger idea seems to be the central approach with} 8...Ne4 $5 {The forcing line} 9.Nxe4 ( {In case White proceeds with the development:} 9.Bd3 {Black can react with} 9...Nxc3 10.bxc3 c4 11.Be2 Nd7 {sending the second knight to e4.} ) 9...dxe4 10.Ne5 f6 11.Nc4 b5 12.Nd2 cxd4 13.exd4 Qxd4 14.Bxb5 Qxb2 15.Rb1 Qxa3 16.Nxe4 {leads to a position where White has compensation for the pawn, but nothing really inspiring.} ) 9.dxc5 Nxf4 10.exf4 Bxc5 11.Bd3 g6 {An overcautious, but slow move and the main reason for Xiong's problems. Black is afraid of the Greek gift sacrifice, which is not a major threat here.} ( {Strong was} 11...Nc6 {Not fearing} 12.Bxh7+ Kxh7 13.Ng5+ Kg6 $1 14.Qg4 e5 $1 {and the attack is not sufficient.} ) 12.h4 {Carlsen cannot stand the temptation to challenge the opponent's weakened kingside at once.} 12...Nc6 ( {The h-pawn cannot be stopped. Moves like} 12...h5 {Only pour gasoline in White's attacking engine:} 13.g4 hxg4 ( {Not much is changed after} 13...Qf6 14.Qd2 hxg4 15.Ne5 ) 14.Ne5 {Both h4-h5 and Qd1xg4 are powerful threats. Black is desperately lacking kingside defenders.} ) 13.h5 Qf6 14.Qd2 e5 {A classical central counter-blow and apparently, a decisive mistake...} ( {However, it is difficult to give good advise to Black here. The computer's suggestion} 14...Nd4 {with the point} 15.Ne5 $2 ( {But White can avoid this idea with the neat} 15.Ng5 $1 ) 15...g5 $1 {looks good for Black indeed.} ) 15.Nxd5 {Not only winning the pawn, but opening more and more diagonals, files and squares for his pieces into the attack.} 15...Qd6 16.Bc4 {Simply bringing more attackers in.} ( {White's position is so strong that he can also afford playing} 16.f5 $1 Qxd5 17.Qh6 f6 18.hxg6 {with mate to follow.} ) 16...b5 17.Ba2 {Same policy, no rush. The black king can wait for a couple of more moves, but will not go anywhere.} ( {The direct} 17.hxg6 hxg6 ( {Or} 17...bxc4 18.fxe5 Nxe5 19.Qh6 $1 Nxf3+ 20.gxf3 {with unstoppable mate.} ) 18.f5 {would also do.} ) 17...exf4 18.O-O-O {White's attack is running by itself and it was all over pretty soon.} 18...b4 19.hxg6 hxg6 ( 19...bxa3 20.Qc3 $1 ) 20.Ng5 Bf5 21.Nh7 {A funny coincidence: Carlsen scored a beautiful win with this same move two days ago.} 21...Rfd8 ( 21...Kg7 22.Nxf8 Rxf8 23.axb4 {is prosaic win.} ) 22.Nhf6+ Kf8 23.Rh8+ Kg7 24.Rh7+ Kf8 25.Rdh1 {With inevitable mate along the h-file, which Black did not want to see.} ( 25.Rdh1 {As White can bring as many supporters as he wishes:} 25...g5 26.Rh8+ Kg7 27.R1h7+ Bxh7 28.Rxh7+ Kf8 29.Qd3 $1 ) 1-0

[Event "Clutch Chess International"]
[Site "Online"]
[Date "2020.06.13"]
[Round "14.2"]
[White "Caruana, Fabiano"]
[Black "Carlsen, Magnus"]
[Result "1-0"]
[WhiteElo "2773"]
[BlackElo "2881"]
[EventDate "2020.??.??"]
[Annotator "Bojkov,Dejan"]
[PlyCount "107"]
[Beauty "6737461520423"]
[EventType "team-tourn"]

1.e4 c5 2.Nf3 Nc6 3.Bb5 e6 4.Bxc6 bxc6 5.d3 Qc7 6.O-O Ne7 7.h4 $146 {A novelty, as early as move seven! Caruana created a whole new system to fight Carlsen's beloved Anti-Rossolimo line and was hugely successful in the match so far.} ( {An earlier game saw} 7.Re1 Ng6 8.e5 Be7 9.h4 f6 10.Nbd2 O-O 11.exf6 Bxf6 12.Ne4 Bxh4 13.Nxh4 Nxh4 14.Qh5 {with compensation for a pawn in Grover,S (2505) -Lupulescu,C (2640) Al Ain 2014} ) 7...e5 ( {The point behind White's last move is best described by the line} 7...Ng6 8.h5 Ne5 9.Nxe5 Qxe5 {Then} 10.Nd2 {intending Nd2-c4, e4-e5 and a slam on d6 seems scary for Black, since the natural reaction} 10...d5 {is dangerous with the king in the center:} 11.Re1 ) 8.h5 Ng8 $1 {In the few minutes between the games Carlsen figured out a good plan to fight the opponent's plan!} ( {Their previous game went} 8...d6 9.Nh2 $1 Ng8 10.f4 Nf6 11.fxe5 dxe5 12.h6 Be6 13.hxg7 Bxg7 14.Bg5 Nd7 15.Nd2 h5 16.Qe1 {with advantage for White which he managed to convert, Caruana,F (2773) -Carlsen,M (2881) Clutch Chess International 2020} ) 9.Nh2 Nf6 10.f4 Be7 ( {More accurate was the immediate play on the light squares:} 10...c4 $5 11.Nc3 ( {One point behind the knight maneuver to f6 becomes evident in the line} 11.fxe5 Qxe5 {when the pawn on h5 cannot be saved.} ) 11...cxd3 12.cxd3 h6 {Despite the loss of so many tempos in the opening Black's position remains healthy as he owes the long-ranged bishops and they can enter the game in a flash.} ) 11.Nc3 d6 12.h6 {Overoptimistic! Caruana wants to punish his opponent for the slow development, but his king gets weakened in the process as well.} ( {Staying on positional tracks would have promised Caruana more:} 12.Qf3 $1 {was good, for instance} 12...Rb8 13.fxe5 ( {Or the immediate} 13.b3 $5 {with similar ideas.} ) 13...dxe5 14.Na4 {Next White will fix the pawns on the c-file with b2-b3 and start surrounding them with Bc1-a3 (e3) and Qf3-f2 (e3). The other plan would be to transfer the knight to c4 and hit the e5 pawn. As long as the game stays blocked he would be doing fine.} ) 12...gxh6 13.f5 Rg8 14.Bxh6 c4 $1 {Opening the cage for his light-squared beast.} ( 14...d5 $1 {was not bad neither.} ) 15.Kh1 ( {Since after} 15.dxc4 $6 Ba6 16.b3 d5 {White's position collapses in the center.} ) 15...Ba6 16.b3 {White is trying to keep the position as closed as he can.} ( {Another idea to achieve this was} 16.d4 O-O-O 17.dxe5 dxe5 18.Qf3 {but then Black can switch to the attack of the e4 pawn with} 18...Bb7 {intending Be7-b4, c6-c5 and Rd8-d4.} ) 16...cxd3 17.cxd3 d5 {Carlsen is taking over the initiative.} 18.exd5 O-O-O $3 {A wonderful resource! Every black piece is out with lightning speed!} ( {Instead} 18...cxd5 19.Rc1 Qd7 {would have left the black king uncertain about his future in the center.} ) ( {The immediate} 18...Nxd5 {would have been weaker, as Black might still experience problems with his king in the center. One line to prove this:} 19.Nxd5 cxd5 20.Rc1 Qd6 21.f6 $1 {And if} 21...Bxf6 $2 22.Qf3 Rg6 23.Ng4 {and White makes it to the f7 pawn and the black king.} ) 19.Rc1 Nxd5 20.Qf3 ( {Or} 20.Nxd5 Rxd5 {reaching the d3 weakness.} ) 20...Ba3 {Carlsen's counter attack was successful and he is close to winning.} 21.Ne4 $1 {But Caruana does not intend to sit and wait for the bitter end; he wants to get back his initiative.} ( 21.Rc2 $2 Nb4 {would have been the end instead.} ) 21...Bxc1 22.Rxc1 Nb4 23.Nc5 Bxd3 24.f6 {Black won material and should be objectively winning. But there are certain practical problems left: the weak king and above all the lack of time on the world champion's clock.} 24...Bb5 {A poor choice.} ( {It made sense to saveguard the monarch with} 24...Kb8 $1 25.Be3 e4 26.Nxe4 Bxe4 27.Qxe4 Nd5 {when Black should consolidate and eventually win.} ) ( {Notice that the immediate} 24...e4 $2 {would be a mistake as the king is exposed in the line} 25.Qf5+ Kb8 26.Bf4 ) ( {Another great idea would be to centralize the queen with} 24...Qd6 $1 25.Be3 Qd5 {when Black should also survive the attack and eventually convert his extra material.} ) 25.a4 Ba6 26.Ng4 ( {Even better was} 26.Qh3+ $1 Kb8 27.Qc3 {with the core idea} 27...Rd4 28.Qxb4+ $1 Rxb4 29.Nxa6+ ) 26...Kb8 ( {Missing the last chance to cement his position with} 26...Bb7 $1 {This bishop is a very important defender!} 27.Ne3 ( {Or} 27.Qf5+ Kb8 28.Nxe5 Ka8 $1 ) 27...Nd5 $1 {When Black is more than fine.} ) 27.Nxa6+ $1 {Caruana grabs his chance.} 27...Nxa6 28.Nxe5 $1 {Not only winning the pawn but also aiming his troops against the black king. You can notice now how good a defender a bishop on b7 would have been for Black.} 28...Qb7 ( 28...Qxe5 $2 29.Bf4 ) 29.Nxc6+ Ka8 30.Nxd8 Rxd8 31.Qe2 {Tables have turned and it is White who is winning now.} 31...Nb8 32.Bf4 Qd5 ( {White's task is easier in the queenless endgame after} 32...Qxb3 33.Qe4+ Qb7 34.Qxb7+ Kxb7 35.Rc7+ ) 33.Rc7 Nd7 34.Be3 {The most solid choice. The only problem for Caruana might have lied in the fact that he caught up with his opponent in time deficit.} ( {Had White had some more minutes on the clock he might have figured out that his king can escape the checks in the line} 34.Qa6 Qd1+ 35.Kh2 Qh5+ 36.Kg1 Qd1+ 37.Kf2 Qd4+ 38.Kg3 Rg8+ 39.Kh3 {but playing this with seconds on the clock would be suicidal.} ) 34...Nxf6 35.Rxa7+ Kb8 36.Re7 Rd7 37.Bf4+ Kb7 38.Rxd7+ Nxd7 39.b4 Nb6 40.Qe7+ Nd7 ( {The trade cannot be avoided:} 40...Ka8 41.Qc7 ) 41.Qd6 {The most practical. There will be no perpetual check ideas.} 41...Qxd6 42.Bxd6 Kc6 43.Be7 Nb6 44.a5 Nd5 45.Bf8 Kb5 46.Kh2 f5 47.Kg3 h5 48.Bc5 {Accurate play till the end.} ( {Caruana know he needs his g-pawn badly. Although the line} 48.Kh4 Ne3 49.g3 Nf1 50.Bd6 Kc6 51.a6 $1 {should suffice too.} ) 48...Ka6 49.Kh4 Nf4 50.g3 Ne2 51.Bd6 Kb5 52.Kxh5 Nc3 53.Kg6 Ne4 54.Bf4 1-0

[Event "Chessable Masters | Final 8"]
[Site "?"]
[Date "2020.07.02"]
[Round "13.5"]
[White "Giri, Anish"]
[Black "Nepomniachtchi, Ian"]
[Result "1-0"]
[WhiteElo "2731"]
[BlackElo "2778"]
[EventDate "2020.??.??"]
[Annotator "Bojkov,Dejan"]
[PlyCount "95"]
[Beauty "7150717901369"]
[EventType "team-tourn"]

1.d4 Nf6 2.Nf3 g6 3.g3 Bg7 4.Bg2 d5 5.O-O O-O 6.c4 c6 7.Qb3 Qb6 {A calm variation of the Grunfeld, where the onus is put on slow, lenghty improvement of the pieces.} 8.Nc3 Rd8 9.Bd2 dxc4 10.Qxc4 Be6 11.Qa4 Bf5 ( {Another recent top online GM game went} 11...Na6 12.e4 Bg4 13.Be3 Qxb2 14.Rfc1 Qb4 15.Qxb4 Nxb4 16.Rab1 c5 17.dxc5 Nd3 {It is funny to see that the French GM had the white pieces here, Vachier Lagrave,M (2778) -Radjabov,T (2765) chess24.com INT 2020} ) 12.Rfc1 $146 {A novelty upon a game of Nepomniachtchi.} ( 12.Qa3 Re8 13.Na4 Qa6 14.Rfe1 Ne4 15.Bb4 Nd7 16.Rad1 Nb6 17.Nxb6 axb6 18.Qxa6 Rxa6 {and Black has no problems at all, Svane,R (2613)-Nepomniachtchi,I (2784) chess.com INT 2020} ) 12...Nbd7 13.b4 Ne4 {In order to soften the long diagonal. Black also has less space so the trades make sense.} ( {However:} 13...e5 $1 {is a good way to solve the problems once and for all. Then White has nothing else but to defend the central pawn with} 14.e3 {Then} ( {Weaker is} 14.dxe5 Ng4 {and Black is doing great.} ) ( {Whereas the other capture} 14.Nxe5 $2 {is a grave mistake:} 14...Nxe5 15.dxe5 Rxd2 16.exf6 Bxf6 {since Black dominates with the bishop pair.} ) 14...exd4 ( {But Black can also spice up the game with} 14...Ng4 $5 {when he doesn't need to fear} 15.h3 exd4 16.exd4 Nxf2 $3 17.Kxf2 Ne5 {with a strong attack for the piece.} ) 15.Nxd4 a5 16.bxa5 Rxa5 {is equal.} ) 14.e3 Nxc3 {Completing the plan.} ( {Here an interesting alternative is} 14...Nd6 $5 {starting play for the light squares. Black is OK with} 15.Nh4 Bd3 ) 15.Bxc3 Be4 16.Qb3 Bd5 17.Qc2 Nf6 18.Ne5 {There is no other way to get rid of the annoying bishop.} 18...Bxg2 19.Kxg2 Nd5 20.Nd3 {Both players can be happy with the opening outcome. Nepomniachtchi can state that his position is solid and his remaining light pieces are good while Giri has kept the space advantage.} 20...Qc7 21.a4 Rac8 22.Rab1 h5 {The beginning of a suicide mission.} ( {Stronger is the simple} 22...b6 ) 23.h3 $1 {Therefore Nepomniachtchi quickly pushes the pawn up:} ( {Weaker is} 23.Bd2 {because} 23...h4 24.gxh4 e5 {creates play for Black.} ) 23...h4 ( {It is not too late for} 23...b6 24.Ba1 Qb7 {with good counterplay along the long diagonal.} ) 24.gxh4 $1 {Just like that! It transpires that the black kingside has been weakened, not the other way around.} ( {Obviously the Russian GM spotted the refutation of the line} 24.g4 $2 Nxe3+ $1 25.fxe3 Qg3+ 26.Kh1 Qxh3+ 27.Qh2 Qxe3 {with three pawns for a piece and an ongoing attack.} ) 24...Bf6 25.h5 {Giri has more room to maneuver with his pieces and quicker access to the kingside; therefore, he is eager to open many files.} 25...g5 ( {The computer recommendation} 25...Nxc3 26.Qxc3 gxh5 {only shows how miserable Black's position is.} ) 26.Nc5 $1 {The beginning of a nice maneuver.} ( {Although there is an excellent alternative:} 26.Qe2 e5 27.dxe5 Nxc3 28.Rxc3 Bxe5 29.Rc5 Bf6 30.Rf5 {with a large edge for White as well.} ) 26...Kg7 ( {Perhaps} 26...b6 27.Ne4 Qd7 {is more resilient, but it is difficult for Nepomniachtchi anyway.} ) 27.Ne4 Rh8 28.Qe2 Rh6 29.b5 Rch8 30.Ng3 {Mission accomplished. The h5-pawn plugs the holes on the kingside, and White can look again at the opposite wing.} 30...e6 31.Bd2 Be7 32.bxc6 bxc6 33.Qa6 {Winning a second pawn. Giri only needs to be careful not to get checkmated on the opposite side.} 33...Qd8 34.Qxc6 Nf6 35.Rb7 Nxh5 36.Rd7 Qf8 ( {Or} 36...Qe8 37.Qb7 Bf6 38.Rcc7 {winning.} ) 37.d5 $1 ( {Here} 37.Qb7 {only complicates matters due to} 37...Nxg3 38.fxg3 Rxh3 39.Rcc7 Rh2+ ) ( {Whereas} 37.Nxh5+ Rxh5 38.Qb7 {is a sensible winning alternative.} ) 37...Nxg3 38.fxg3 {Prosaic.} ( {Or the more complicated} 38.Bc3+ Bf6 39.dxe6 Bxc3 40.Qxc3+ Kg6 41.Rxf7 {with a winning attack.} ) 38...Rxh3 39.Bc3+ Kg6 40.Bxh8 Qxh8 41.dxe6 Rh2+ 42.Kg1 {The queen on c6 safely covers the king from afar and is looking for a good moment to lead her pieces to mate.} 42...f5 43.Rxe7 Qh3 {The window of opportunity opens:} 44.Qe8+ {With forced mate after:} 44...Kf6 45.Rf7+ Ke5 46.Rc5+ Ke4 47.Qc6+ Kxe3 48.Re5+ 1-0

[Event "Online"]
[Site "?"]
[Date "2020.07.21"]
[Round "1.2"]
[White "Carlsen, Magnus"]
[Black "Giri, Anish"]
[Result "1-0"]
[WhiteElo "2881"]
[BlackElo "2731"]
[EventDate "2020.??.??"]
[Annotator "Bojkov,Dejan"]
[PlyCount "67"]
[Beauty "8110777310768"]
[EventType "game"]

1.d4 Nf6 2.c4 e6 3.Nf3 d5 4.Nc3 Bb4 5.Bg5 h6 6.Bd2 {Carlsen deviates from a recent game of his.} ( {The world champion was successful after} 6.Bxf6 Qxf6 7.Qb3 c5 8.cxd5 exd5 9.e3 O-O 10.dxc5 Bxc3+ 11.Qxc3 Qxc3+ 12.bxc3 Nd7 13.Rd1 Nf6 14.Nd4 Bd7 15.f3 {and White later won in Carlsen,M (2863) -Ding,L (2791) chess24.com INT 2020} ) 6...O-O 7.g4 $146 {Well prepared! The "Latvian" sacrifice was never tried in this particular version.} ( {An earlier game saw instead} 7.e3 b6 8.Be2 Bb7 9.O-O Bd6 10.cxd5 exd5 11.Nb5 Be7 12.Rc1 c6 13.Nc3 Bd6 {Gilevich,A (2362)-Rambaldi,F (2444) Bratto 2014} ) 7...Bxc3 {Giri was obviously taken by surprise and replied only after five valuable minutes of thought.} ( {Accepting the sacrifice is obviously risky:} 7...Nxg4 8.Rg1 h5 9.h3 Nf6 {Here White can attack with either} 10.Qc2 ( {or with} 10.Bh6 Ne8 11.e3 ) ) ( {However, the immediate central counterattack} 7...c5 $5 {might be Black's best bet, and we should likely soon see more of it. One hypothetical line runs} 8.g5 hxg5 9.Bxg5 dxc4 ( {Or} 9...Nbd7 $5 {with immense pressure all over the board.} ) ) 8.Bxc3 ( {The bishop has less to do after} 8.bxc3 Ne4 ) 8...Ne4 ( {With the bishop diverted from the c1-h6 diagonal, the g4-pawn becomes more tasty:} 8...Nxg4 {Then the computer suggests the curious draw line} 9.Rg1 ( {But there are other ways for White to mount pressure, like} 9.Qc1 $5 ) 9...f5 10.h3 ( 10.Qc1 $5 ) 10...Nf6 11.Bb4 Re8 12.Qc1 Kh7 13.Ng5+ Kg8 ( {Black cannot touch the knight:} 13...hxg5 14.Qxg5 {as he cannot defend the g7- and f6-spots simultaneously.} ) 14.Nf3 Kh7 {with repetition.} ) 9.Qc2 ( {White is not happy with the blockade after} 9.h4 dxc4 10.g5 h5 ) 9...c5 {A daring move! It is a central approach, but one which opens way too many files and diagonals for the white pieces.} ( {More restrained moves like} 9...Nd7 ) ( {or even} 9...b6 {seem more appropriate for Black.} ) 10.dxc5 b6 {The point behind Giri's play.} ( {After} 10...Nxc5 {White has too many good choices, like} 11.g5 ( {Or} 11.cxd5 Qxd5 12.Rd1 Qe4 13.Qxe4 Nxe4 14.Bd4 {with a pleasant endgame.} ) ( {Or} 11.Rd1 {with an unpleasant pin...} ) 11...h5 12.g6 {with an attack.} ) 11.g5 $1 {Both players cherish the initiative.} ( {Instead:} 11.cxb6 Qxb6 12.e3 Nc6 {would have passed the initiative to Black.} ) 11...hxg5 ( {Worse is} 11...Nxg5 12.Nxg5 Qxg5 13.h4 Qe7 14.Rg1 ) 12.h4 g4 {Correctly keeping it as closed as possible.} ( {The open g- and h-files will quickly let White build decisive threats after} 12...gxh4 13.Rxh4 ( {Or:} 13.O-O-O Nxf2 14.Rxh4 f5 15.Bg2 Nxd1 16.Qxd1 {with unstoppable Qd1-h1.} ) ) 13.Ng5 f5 14.Bg2 {Carlsen intends to blow up the enemy position on the light squares.} ( {Another good idea is} 14.O-O-O {when it seems as Black's best is the uninspiring endgame after:} 14...Nxc3 15.Qxc3 Qf6 16.cxd5 Qxc3+ 17.bxc3 ) 14...bxc5 15.O-O-O Nxg5 {Gaining a pawn but surrendering the files and the diagonals.} ( {No matter how dangerous it is, Black needs to stay put with} 15...Nc6 $1 {Although White has the better position after both} 16.e3 ( {or} 16.cxd5 exd5 17.e3 ) ) ( {Notice that Black needs to avoid grabbing the exchange:} 15...Nxf2 16.cxd5 Nxd1 17.Rxd1 {as White is taking back everything with hefty interest.} ) 16.hxg5 Qxg5+ 17.Kb1 Nd7 18.cxd5 Nb6 ( {Perhaps Giri hoped to hold with} 18...Bb7 {but then noticed the brilliant refutation} 19.f3 $3 Bxd5 20.Rxd5 $1 exd5 21.f4 Qxf4 22.Bxd5+ {winning.} ) 19.dxe6 {White cashes in.} ( {The play for the attack with} 19.Rh2 {would have been good as well.} ) 19...Bxe6 20.Bxa8 Rxa8 21.Qd2 ( {A bit of prophylaxis:} 21.Ka1 $5 {would have made sense too.} ) 21...Qg6 ( {Apparently very few people on Earth will try to save} 21...Qxd2 22.Rxd2 Re8 {against the world champion.} ) 22.Qd6 f4+ 23.Ka1 Rf8 24.Qe5 {Oops, a slip.} ( 24.Rh8+ $1 Kxh8 25.Qxf8+ Kh7 26.Rh1+ {would be mate instead.} ) 24...g3 25.fxg3 ( {And here} 25.Rh5 $1 {would have finished Black at once.} ) 25...Nc4 ( {More stubborn is} 25...fxg3 26.Rdg1 g2 {although} 27.Rxg2 $1 Qxg2 28.Qxe6+ Rf7 29.Rd1 {should win for White as well.} ) 26.Qh5 {Carlsen reaches the endgame and converts with ease:} 26...Qxh5 27.Rxh5 Ne3 28.Rg1 Bf5 29.b3 fxg3 30.Rxg3 Bg4 31.Rxc5 Rf1+ 32.Kb2 Nd1+ 33.Ka3 Nxc3 34.Rxg4 1-0